000 00600nam a2200229Ia 4500
003 OSt
005 20220928124626.0
006 a|||||r|||| 00| 0
007 ta
008 220927b |||||||| |||| 00| 0 eng d
024 _a28492
037 _cTextual
040 _aSDCL
_cSDCL
_beng
041 _2eng
_aeng
082 _aW, P4
100 _aHeywood Andrew
_9445243
245 0 _aPolitical theory
_b An introduction
260 _aNew York
_b Palgrave Macmillan
_c2004
300 _axvi,416p
_ccm.
942 _hW, P4
_cTEXL
_2CC
999 _c779388
_d779388